• 首页
  • 本馆介绍
  • 公告通知
  • 最新文献
  • 馆藏检索
  • 电子资源
  • 读者导购
  • 参考咨询
  • 我的图书馆
  • 登录
  • 详细信息显示
  • 放入我的书架
  • 预约/预借图书
  • 作者相关作品
  • 分类相关作品
  • 丛书相关作品
  • 出版社相关作品

书目信息

  • 表格格式
  • 工作单格式
  • 卡片格式
题名:
中国为什么说不?
    
 
作者: 彭谦 著
分册:  
出版信息: 北京   新世界出版社  1996
页数: 331页
开本: 20cm
丛书名:
单 册:
中图分类: D822.371.2 , D871.20
科图分类:
主题词: 中美关系-国际关系史--现代 , 国际关系史-中美关系--现代 , 美国对外政策∶对华政策--现代 , 对华政策∶美国对外政策--现代
电子资源:
ISBN: 7-80005-337-7
000 01016nam0 2200289 45
001 0197102911
005 20061026111955.96
010    @a7-80005-337-7@dCNY18.00
100    @a19960825e19961996kemy0chiy0121 ea
101 0  @achi
102    @aCN@b110000
105    @af zn 000yy
106    @ar
200 10 @a中国为什么说不?@Azhong guo wei shi mo shuo bu?@e冷战后美国对华政策的误区@ELENG ZHAN HOU MEI GUO DUIHUA ZHENG CE DE WU QU@f彭谦等著@FPENG QIANDENG ZHU
210    @a北京@c新世界出版社@d1996@h1996重印
215    @a331页@c照片@d20cm
314    @a彭谦,国际关系与国际战略研究机构专家
517 1  @a冷战后美国对华政策的误区@ALENG ZHAN HOU MEI GUO DUI HUA ZHENG CE DE WU QU
606    @a中美关系-国际关系史@z现代
606    @a国际关系史-中美关系@z现代
606    @a美国对外政策∶对华政策@z现代
606    @a对华政策∶美国对外政策@z现代
690    @aD822.371.2@v3
690    @aD871.20@v3
701  0 @a彭谦@APENG QIAN@4著
801  0 @aCN@bNLC@c20061026
905    @dD822.371.2@e54@f1@b273320@f1@b273321
    
    中国为什么说不?:冷战后美国对华政策的误区/彭谦等著.-北京:新世界出版社,1996(1996重印)
    331页:照片;20cm
    
    
    ISBN 7-80005-337-7:CNY18.00
    
●
相关链接 在E读中查询图书 在五车中查询图书 在当当中查询图书 在豆瓣中查询图书


正题名:中国为什么说不?     索取号:D822.371.2/54         预约/预借

序号 登录号 条形码 馆藏地/架位号 状态 备注
1 0273319   001024304   密集书库/ [索取号:D822.371.2/54] 在馆    
2 0273320   001024297   第一借阅区/ [索取号:D822.371.2/54] 在馆    
3 0273321   001024288   第一借阅区/ [索取号:D822.371.2/54] 在馆    
4 0273322   001024313   密集书库/ [索取号:D822.371.2/54] 在馆    
5 0273323   001024322   第一样本阅览室/ [索取号:D822.371.2/54] 在馆    
6 0274283   002008099   密集书库/ [索取号:D822.371.2/54] 在馆    
7 0274284   001024331   密集书库/ [索取号:D822.371.2/54] 在馆    
8 0274285   001651046   第一借阅区/ [索取号:D822.371.2/54] 在馆    
唐山师范学院图书馆 欢迎您!
大连网信软件有限公司© 版权所有